00421nam a2200133Ia 4500008004100000020001500041041001200056082002200068100002400090245006300114260003300177300001600210650006100226231217s9999 xx 000 0 und d a8178813866 aEnglish a657.76 SUB1;1 R aSubbulakshmi, V ed. 0aCapital account liberalization : Latin American experience c2004bICFAI PressaHyderabad axi, 211+A14 aCapital,account,liberalization,Latin,American,experience